00426nam a22001457a 450000500170000000800410001702000340005804100130009208200130010510000270011824500440014526000340018930000320022365000250025520231204121516.0231204b |||||||| |||| 00| 0 eng d a9780409022674 ; 9780409022681 aEnglish  a349 JOU  aJoubert, WA lEnglish  aThe Law of South Africa / cWA Joubert  aDurban : bLexisNexis, c2017 bxiii, 391 pages ; c26 cm.  aLegal practice bLaw